000 00698cam a22002171 4500
001 ne 66000872
003 DLC
005 20260227111823.0
008 800514s1964 le 000 0 arar
010 _ane 66000872
035 _a(OCoLC)6316802
040 _aDLC
_cMnM
_dDLC
042 _apremarc
050 0 0 _aPJ7541
_b.U8 1964
100 1 _aUshnāndānī, Saʻīd ibn Hārūn,
_d-869 or 870.
245 1 0 _aMaʻānī al-shiʻr,
_cby Saʻīd ibn Hārūn al-Ushnāndānī; ed. by Ṣalāḥ al-Dīn al-Munajjid.
260 _aBeirut,
_bDār al-Kitāb al-Jadīd,
_c1964.
300 _a152 p.
_c24 cm.
650 0 _aArabic poetry
_xHistory and criticism.
700 1 _aMunajjid, Ṣalāḥ al-Dīn.
999 _c48874
_d48874